Ennemis dans Zelda BOTW - Statistiques

Statistiques générales
  • Ce quiz a été pris 212 fois
  • Le résultat moyen est 7 sur 9
Statistiques - réponses
Par images Réponse % Correct
Lynel
97%
Bokoblin
95%
Gardien
92%
Moblin
92%
Lézalfos
87%
Chuchu
86%
Chauve souris
85%
Sorcier
81%
Tilhorok
11%
Aucun quiz correspondant
Distribution des résultats
% des personnes avec chaque résultat
Percentile par nombre de réponses
Votre historique - résultats
Vous n’avez pas pris ce quiz